The old internationalism and the new: (Record no. 2975)

MARC details
000 -LEADER
fixed length control field 007880000a22002050004500
003 - CONTROL NUMBER IDENTIFIER
control field LK-CoMWRAF
008 - FIXED-LENGTH DATA ELEMENTS--GENERAL INFORMATION
fixed length control field 230817t1988 ||||| |||| 00| 0 eng d
040 ## - CATALOGING SOURCE
Original cataloging agency LK-CoMWRAF
Modifying agency LK-CoMWRAF
Description conventions LK-CoMWRAF
041 ## - LANGUAGE CODE
Language code of text/sound track or separate title English
082 ## - DEWEY DECIMAL CLASSIFICATION NUMBER
Classification number 331.8
Item number UND
942 ## - ADDED ENTRY ELEMENTS (KOHA)
Koha item type Conference Proceeding
111 ## - MAIN ENTRY--MEETING NAME
Meeting name or jurisdiction name as entry element UNDERSTANDING INTERNATIONALISATION AND INTERNATIONAL SOLIDARITY
Location of meeting ( Institute of Social Studies, Hague,
Date of meeting 14-15th November 1987)
700 ## - ADDED ENTRY--PERSONAL NAME
Personal name Waterman, Peter
relator term editor
245 ## - TITLE STATEMENT
Title The old internationalism and the new:
Remainder of title a reader on labour, new social movements and internationalism
260 ## - PUBLICATION, DISTRIBUTION, ETC. (IMPRINT)
Place of publication, distribution, etc. Hague:
Name of publisher, distributor, etc. International Labour Education, Research and Information Foundation,
Date of publication, distribution, etc. 1988
300 ## - PHYSICAL DESCRIPTION
Extent 180 p.
Other physical details Bibliography included
650 ## - SUBJECT ADDED ENTRY--TOPICAL TERM
Topical term or geographic name as entry element INTERNATIONALISM
650 ## - SUBJECT ADDED ENTRY--TOPICAL TERM
Topical term or geographic name as entry element Social movements
650 ## - SUBJECT ADDED ENTRY--TOPICAL TERM
Topical term or geographic name as entry element Labour movements
Holdings
Withdrawn status Lost status Damaged status Not for loan Permanent Location Current Location Date acquired Full call number Barcode Koha item type
        Resource center, Muslim Women's Research And Action Forum Resource center, Muslim Women's Research And Action Forum 2023-08-17 331.8 UND RAF3830 Conference Proceeding

Copyright © 2023 Muslim Women's Research and Action Forum (MWRAF), No 27/3, Anderson Road, Kalubowila, Dehiwela. Funded by The Asia Fundation